Statistics for Daily Country Riddle #16

Click here to take the quiz!

General Stats

  • This quiz has been taken 313 times
  • The average score is 13 of 17

Answer Stats

TypeAnswer% Correct
Found LetterA
100%
Found LetterI
98%
Correctly Placed LetterA
94%
Correctly Placed LetterI
93%
Found LetterL
93%
Found LetterM
87%
Found LetterO
84%
Found LetterB
82%
Correctly Placed LetterL
82%
Correctly Placed LetterO
74%
Found LetterO
71%
Correctly Placed LetterC
66%
Found LetterC
66%
Correctly Placed LetterB
64%
Mystery CountryColombia
62%
Correctly Placed LetterM
62%
Correctly Placed LetterO
62%

Score Distribution

Percentile by Number Answered

Percent of People with Each Score

Your Score History

You have not taken this quiz